[Event "Sumr Classic (Open)"]
[Site "Boise, ID"]
[Date "2010.06.26"]
[Round "2.7"]
[White "Edvalson, Paul F"]
[Black "Patterson, Emily N"]
[Result "1-0"]
[WhiteElo "1186"]
[BlackElo "1488"]

1. e4 e6 2. Nf3 d5 3. e5 c5 4. b4 cxb4 5. d4 Nc6 6. a3 bxa3 7. Bxa3 Bxa3 8.
Nxa3 Nge7 9. Bd3 Qa5+ 10. Nd2 Nxd4 11. Nb5 Qd8 12. Nxd4 Qc7 13. N4f3 Nc6 14.
Qe2 Nb4 15. Bb5+ Bd7 16. O-O Qb6 17. Bxd7+ Kxd7 18. Rab1 Rac8 19. Rfc1 Qa5 20.
Ng5 Ke7 21. c3 Na6 22. Rxb7+ Rc7 23. Rxc7+ Nxc7 24. Qf3 f6 25. exf6+ gxf6 26.
Nh3 Qa4 27. Qe3 Rg8 28. f3 Kd7 29. Nf2 Qa3 30. Re1 Nb5 31. Ng4 Qe7 32. Ra1 Kd8
33. Qf4 Qc5+ 34. Qe3 Qxe3+ 35. Nxe3 Rg7 36. Nd1 Kc7 37. Rb1 Kc6 38. Kf2 e5 39.
c4 Na3 40. cxd5+ Kxd5 41. Ne3+ Ke6 42. Rb3 Rd7 43. Ne4 Rc7 44. Rxa3 f5 45.
Ra6+ Ke7 46. Nxf5+ {#r} 1-0

[Event "Sumr Classic (Open)"]
[Site "Boise, ID"]
[Date "2010.06.26"]
[Round "3.8"]
[White "Patterson, Kevin R"]
[Black "Edvalson, Paul F"]
[Result "0-1"]
[WhiteElo "1310"]
[BlackElo "1186"]

1. e4 c5 2. d4 cxd4 3. c3 dxc3 4. Nxc3 Nc6 5. Nf3 e6 6. Bc4 Qc7 7. Qd2 a6 8.
Qf4 Bd6 9. Qg4 g6 10. g3 Nb4 11. Be2 Nc2+ 12. Kf1 Nxa1 13. Kg2 Nc2 14. a3 Nxa3
15. bxa3 Qxc3 {#R} 0-1

[Event "Sumr Classic (Open)"]
[Site "Boise, ID"]
[Date "2010.06.27"]
[Round "4.3"]
[White "Pellam, Randall W"]
[Black "Edvalson, Paul F"]
[Result "1-0"]
[WhiteElo "1936"]
[BlackElo "1186"]

1. e4 c5 2. d4 cxd4 3. c3 dxc3 4. Nxc3 Nc6 5. Bc4 e6 6. Nf3 Qc7 7. Qe2 Nf6 8.
O-O Ng4 9. Rd1 Bc5 10. Nb5 Qb8 11. e5 Nxf2 12. Be3 Bxe3 13. Nd6+ Kf8 14. Qxe3
Nxd1 15. Rxd1 a6 16. Qf4 Nd8 17. Ng5 Qa7+ 18. Kh1 f5 19. exf6 g6 20. f7 Qc5
21. Qf6 Nc6 22. Qxh8+ Ke7 23. f8=Q# 1-0

[Event "Sumr Classic (Open)"]
[Site "Boise, ID"]
[Date "2010.06.27"]
[Round "5.6"]
[White "Edvalson, Paul F"]
[Black "Hill, Elijah Andrew"]
[Result "0-1"]
[WhiteElo "1186"]
[BlackElo "876"]

1. e4 e5 2. f4 Nc6 3. Bc4 Bc5 4. Nf3 d6 5. h3 Nf6 6. Nc3 Nd4 7. d3 O-O 8. f5
c6 9. Bg5 b5 10. Bb3 a5 11. a3 Bb7 12. Nxd4 Bxd4 13. Qe2 h6 14. Be3 Bxc3+ 15.
bxc3 Re8 16. g4 d5 17. O-O dxe4 18. h4 exd3 19. cxd3 e4 20. g5 exd3 21. Qf3
Nd5 22. Bxd5 cxd5 23. gxh6 d4 24. Qg3 Qf6 25. Bg5 Qb6 26. cxd4 Qxd4+ 27. Kh2
Re2+ 28. Kh3 Bg2+ 29. Qxg2 Rxg2 30. Kxg2 Re8 31. Kh3 d2 32. hxg7 Qd3+ 33. Kg4
Qe2+ 34. Kg3 Re4 35. Bf4 Qe1+ 36. Kg4 Qxf1 37. Rxf1 Re1 38. Bxd2 Rxf1 39. Bxa5
Kxg7 40. Bc3+ Kh7 41. Kg5 Rf3 42. Bb4 Kg7 43. f6+ Kh7 44. Be7 Rf1 45. Bb4 Rg1+
46. Kf5 Kh6 47. Bd2+ Kh5 48. Bg5 Rg3 49. Bc1 Kxh4 50. Ke5 Kh5 51. Kd6 Rc3 52.
Bb2 Rb3 53. Bc1 Kg6 54. Ke7 Rf3 55. Bb2 Rf2 56. Bd4 Ra2 57. Bc5 Re2+ 58. Kd6
Kxf6 59. Kc6 Kg5 60. Kxb5 f5 61. a4 f4 62. a5 f3 63. a6 Re5 64. a7 f2 65. a8=Q
f1=Q+ 66. Kb6 Qf6+ 67. Qc6 Re6 68. Be3+ Rxe3 69. Kb7 Qxc6+ 70. Kxc6 Re5 71.
Kd6 Kf6 72. Kc6 Ke6 73. Kb6 Kd6 74. Kb7 Rc5 75. Kb6 Kd5 76. Kb7 Rc6 77. Kb8
Kc5 78. Kb7 Kd6 79. Kb8 Rc7 80. Ka8 Kc6 81. Kb8 Kb6 82. Ka8 Rc8# 0-1

[Event "A Novel Adventure #5"]
[Site "Boise, ID"]
[Date "2010.07.27"]
[Round "3"]
[White "Edvalson, Paul F"]
[Black "Roland, Jeffrey T"]
[Result "0-1"]
[WhiteElo "1186"]
[BlackElo "1724"]

{Game/20} 1. e4 e6 2. Nf3 d5 3. e5 c5 4. b4 cxb4 5. a3 Nc6 6. axb4 Bxb4 7. c3
Be7 8. d4 f6 9. exf6 Nxf6 10. Bd3 O-O 11. O-O Bd7 12. Bf4 Kh8 13. Nbd2 Nh5 14.
Be3 Nf4 15. Bb1 Be8 16. Re1 g5 17. Nf1 Bg6 18. Ne5 Nxe5 19. dxe5 Qe8 20. Rxa7
Rxa7 21. Bxa7 Bxb1 22. Qxb1 Qc6 23. Bd4 b5 24. Ne3 Rb8 25. Qd1 b4 26. cxb4
Bxb4 27. Rf1 Bc5 28. Qc2 Ne2+ 29. Kh1 Nxd4 30. Qc3 Rb3 31. Qa5 Qb6 32. Qa8+
Kg7 33. Qe8 Rb1 34. Qd7+ Kg6 35. Qe8+ Kh6 36. Ng4+ Kg7 37. Qd7+ Kf8 38. h3
Rxf1+ 39. Kh2 Ne2 40. Nf6 Rh1+ 41. Kxh1 Qb1+ 42. Kh2 Qg1# 0-1

[Event "Pres. Cup-1 (Qualifier)"]
[Site "Twin Falls, ID"]
[Date "2010.07.31"]
[Round "2.5"]
[White "Edvalson, Paul F"]
[Black "Brown, Nicholas Ross"]
[Result "0-1"]
[WhiteElo "1306"]
[BlackElo "838"]

1. e4 c6 2. d4 d5 3. f3 e6 4. Nc3 Bb4 5. Nge2 dxe4 6. fxe4 Qh4+ 7. g3 Qxe4 8.
Rg1 Ne7 9. Bd2 Nd7 10. Nxe4 Bxd2+ 11. Qxd2 Nd5 12. Nd6+ Ke7 13. Nxc8+ Raxc8
14. Qg5+ N7f6 15. Nf4 Ne3 16. Kd2 Nf5 17. Ne2 Kd7 18. g4 Ne4+ 19. Kd1 Nxg5 20.
gxf5 Ne4 21. fxe6+ fxe6 22. Rxg7+ Kd6 23. Rxb7 Rcf8 24. Bg2 Rhg8 25. Ng3 Nxg3
26. hxg3 Rxg3 27. Bxc6 Kxc6 28. Rxh7 Rf1+ 29. Ke2 Rxa1 30. Rxa7 Rh1 31. Rf7
Rg2+ 32. Kd3 Rh3+ 33. Kc4 Rxc2+ 34. Kb4 Rxb2+ 35. Kc4 Rxa2 36. Re7 Kd6 {#R}
0-1

[Event "Pres. Cup-1 (Qualifier)"]
[Site "Twin Falls, ID"]
[Date "2010.07.31"]
[Round "4.5"]
[White "Edvalson, Paul F"]
[Black "Patterson, Katie Rae"]
[Result "0-1"]
[WhiteElo "1306"]
[BlackElo "745"]

1. d4 d5 2. Nf3 f5 3. e3 Nf6 4. Bd3 e6 5. O-O Bd6 6. Nbd2 Nbd7 7. b3 O-O 8.
Bb2 Ne4 9. Ne5 a5 10. c4 c6 11. f4 Bxe5 12. dxe5 b6 13. Nf3 Ba6 14. Ba3 Re8
15. Ng5 Nxg5 16. fxg5 Qxg5 17. Qe2 Nxe5 18. Bb2 Ng4 19. Bc1 Qh5 20. h3 Nf6 21.
Qb2 Rad8 22. Qe5 dxc4 23. Bxc4 Bxc4 24. bxc4 Nd7 25. Qg3 e5 26. Bb2 Re7 27.
Qf2 Rf8 28. Ba3 c5 29. Rad1 e4 30. Bb2 Ne5 31. Bxe5 Rxe5 32. Rd6 Qf7 33. Qc2
g5 34. Rxb6 f4 35. Qc3 Rf5 36. Qxa5 f3 37. g3 f2+ 38. Kg2 Rf3 39. a4 Rxe3 40.
Rxf2 Qxf2+ 41. Kh1 Rxg3 {#R} 0-1

[Event "Pres. Cup-1 (Qualifier)"]
[Site "Twin Falls, ID"]
[Date "2010.07.31"]
[Round "5.6"]
[White "Edvalson, Paul F"]
[Black "McGarvey, James H"]
[Result "0-1"]
[WhiteElo "1306"]
[BlackElo "1689"]

1. e4 c5 2. Nf3 Nc6 3. Bd3 e6 4. c3 d5 5. e5 Nge7 6. Bc2 Ng6 7. d4 Be7 8. Be3
cxd4 9. cxd4 O-O 10. a3 a6 11. O-O b5 12. Nbd2 Bb7 13. Re1 Rc8 14. Nf1 Re8 15.
b4 Bf8 16. Qd3 Nce7 17. Ng3 Qc7 18. Rac1 Qc3 19. Bb1 Qxd3 20. Bxd3 Nc6 21. Rc2
Nge7 22. Ng5 g6 23. h4 Nf5 24. Nxf5 exf5 25. Rec1 Bh6 26. Nf3 Bxe3 27. fxe3
Ne7 28. Rc5 Rxc5 29. bxc5 Nc6 30. Nd2 f6 31. exf6 Rxe3 32. Rc3 Nxd4 33. Kf2
Re6 34. Nf3 Nxf3 35. Kxf3 d4+ 36. c6 dxc3 37. cxb7 Rb6 38. Kf4 Rxb7 39. Ke5
Rc7 40. a4 c2 41. Bxc2 Rxc2 42. axb5 axb5 43. Kd4 Kf8 {#R} 0-1

[Event "Pres. Cup-2 (Eliminator)"]
[Site "Twin Falls, ID"]
[Date "2010.07.31"]
[Round "2.4"]
[White "Bartell, Fred"]
[Black "Edvalson, Paul F"]
[Result "1-0"]
[WhiteElo "1669"]
[BlackElo "1236"]

1. e4 c5 2. Nf3 Nc6 3. Bb5 Na5 4. d4 a6 5. Be2 cxd4 6. Nxd4 Nc6 7. Nf5 d6 8.
Ng3 Nf6 9. Bg5 e6 10. O-O Be7 11. Bf3 Qc7 12. Nd2 Ne5 13. Be2 O-O 14. Bf4 Ned7
15. Nc4 b5 16. Nxd6 e5 17. Nxc8 Raxc8 18. Bg5 Qxc2 19. Bxf6 Nxf6 20. Nf5 Rfe8
21. Rc1 Qxd1 22. Nxe7+ {#r} 1-0

[Event "WIO (Open)"]
[Site "Boise, ID"]
[Date "2010.12.11"]
[Round "1.8"]
[White "McGarvey, James H"]
[Black "Edvalson, Paul F"]
[Result "1/2-1/2"]
[WhiteElo "1656"]
[BlackElo "1335"]

1. d4 Nf6 2. c4 g6 3. Nc3 d5 4. cxd5 Nxd5 5. e4 Nxc3 6. bxc3 c5 7. Bc4 Bg7 8.
Ne2 cxd4 9. cxd4 Nc6 10. Be3 O-O 11. O-O Na5 12. Rc1 Nxc4 13. Rxc4 e6 14. Qd2
b5 15. Rc5 Bb7 16. f3 a6 17. Rfc1 Rc8 18. Rxc8 Bxc8 19. Nc3 Qa5 20. d5 b4 21.
Ne2 Bd7 22. Rc5 Qa4 23. Nd4 Rc8 24. Rxc8+ Bxc8 25. Nc6 Bd7 26. Nxb4 a5 27.
dxe6 fxe6 28. Nd3 Bb5 29. Nc5 Qc4 30. Qf2 Kf7 31. Nb3 a4 32. Nc5 Qb4 33. h3
Qb1+ 34. Kh2 Qb2 35. Qxb2 Bxb2 36. Nb7 Kf6 37. Bc5 a3 38. Na5 Bd3 39. Nc6 Bc4
40. e5+ Bxe5+ 41. Nxe5 Kxe5 42. Bxa3 Bxa2 43. g3 Bd5 44. Kg2 Kd4 45. Kf2 Kd3
46. Bb2 h5 47. Be5 g5 48. f4 gxf4 49. gxf4 Be4 50. Kg3 {#d} 1/2-1/2

[Event "WIO (Open)"]
[Site "Boise, ID"]
[Date "2010.12.11"]
[Round "2.6"]
[White "Edvalson, Paul F"]
[Black "Watson, John"]
[Result "1-0"]
[WhiteElo "1335"]
[BlackElo "1463"]

1. e4 d5 2. exd5 Nf6 3. d4 Nxd5 4. c4 Nf6 5. Nc3 c5 6. d5 e6 7. Be2 exd5 8.
cxd5 Be7 9. Nb5 Nxd5 10. Qxd5 O-O 11. Qxd8 Bxd8 12. Bf4 Na6 13. a3 Bd7 14. Nc3
Re8 15. Nf3 Bf6 16. Be3 Bc6 17. Rc1 Rab8 18. O-O b5 19. Rfd1 Bxc3 20. bxc3 c4
21. Rd2 Rbc8 22. Bxa7 Nc7 23. Nd4 Bd7 24. Bc5 Nd5 25. Bb4 Nf4 26. Bf1 Re7 {#r}
1-0

[Event "WIO (Open)"]
[Site "Boise, ID"]
[Date "2010.12.11"]
[Round "3.3"]
[White "Abderhalden, Katherine Louise"]
[Black "Edvalson, Paul F"]
[Result "1-0"]
[WhiteElo "1731"]
[BlackElo "1335"]

1. d4 Nf6 2. c4 e6 3. Nc3 Bb4 4. Nf3 Ne4 5. Qc2 f5 6. a3 Bxc3+ 7. bxc3 d6 8.
Bf4 Nd7 9. e3 c5 10. Bd3 Ndf6 11. O-O O-O 12. Rab1 b6 13. Ng5 Nxg5 14. Bxg5
Bb7 15. f3 Qe8 16. e4 fxe4 17. fxe4 Qg6 18. Bxf6 Rxf6 19. e5 Rxf1+ 20. Rxf1
Qh6 21. Qf2 Qh5 22. exd6 cxd4 23. cxd4 Ba6 24. Qe3 Qe8 25. Re1 Rd8 26. Qxe6+
Qxe6 27. Rxe6 Kf7 28. Re7+ Kg8 29. Rxa7 Bc8 30. c5 bxc5 31. dxc5 Be6 32. Re7
Bd5 33. a4 Rc8 34. d7 {#r} 1-0

[Event "WIO (Open)"]
[Site "Boise, ID"]
[Date "2010.12.12"]
[Round "4.6"]
[White "Edvalson, Paul F"]
[Black "Stark, Jim"]
[Result "1-0"]
[WhiteElo "1335"]
[BlackElo "1611"]

1. e4 c6 2. d4 d5 3. f3 dxe4 4. fxe4 e6 5. Nf3 Be7 6. Bd3 Nf6 7. O-O h6 8. Nc3
Nbd7 9. Ne2 Nh7 10. b3 Ng5 11. Ng3 g6 12. Bb2 Qb6 13. Kh1 Rh7 14. Qe2 Qc7 15.
Rae1 Bd6 16. e5 Be7 17. c4 b6 18. d5 cxd5 19. cxd5 exd5 20. Nxg5 hxg5 21. Qf3
Nc5 22. Bb5+ Bd7 23. Qxd5 Rd8 24. Bxd7+ Rxd7 25. Qc4 Nd3 26. Qxc7 Rxc7 27. Re2
Nxb2 28. Rxb2 Ba3 29. Re2 Rc1 30. Rfe1 Rxe1+ 31. Rxe1 Bb2 32. Ne4 Ke7 33. Nxg5
Rh5 34. Nf3 Ke6 35. g4 Rh8 36. Re2 Bc3 37. Kg2 Rd8 38. h4 Rh8 39. Kg3 Rd8 40.
Ng5+ Ke7 41. Kf4 Bd2+ 42. Ke4 Bxg5 43. hxg5 Ke6 44. Rc2 Rd1 45. Rc6+ Kd7 46.
Rf6 Re1+ 47. Kd5 Rd1+ 48. Kc4 Ke7 49. Kb5 Rd5+ 50. Ka6 Ra5+ 51. Kb7 Rxe5 52.
Kxa7 Rxg5 53. Rxb6 Rxg4 54. b4 f5 55. Rb7+ Kd6 56. a4 f4 57. Rf7 g5 58. b5 Rg3
59. a5 Ra3 60. a6 f3 61. b6 Rc3 62. b7 Rc7 63. Rxf3 Kc6 64. Rc3+ {#r} 1-0

[Event "Lang Invitational #1"]
[Site "Meridian, ID"]
[Date "2011.01.29"]
[Round "1.2"]
[White "Edvalson, Paul F"]
[Black "Kircher, Caleb Paul"]
[Result "0-1"]
[WhiteElo "1447"]
[BlackElo "1760"]

{Game/30} 1. e4 d5 2. exd5 Nf6 3. d4 Nxd5 4. c4 Nb6 5. Nf3 Bg4 6. Be2 Nc6 7.
Be3 e6 8. b3 Be7 9. O-O Bf6 10. Nc3 O-O 11. h3 Bxf3 12. Bxf3 Bxd4 13. Bxd4
Qxd4 14. Bxc6 Qxd1 15. Raxd1 bxc6 16. a4 Rad8 17. a5 Nc8 18. Ne4 Nd6 19. Nc5
Rfe8 20. Na6 Re7 21. c5 Nb7 22. b4 Red7 23. Rxd7 Rxd7 24. Rb1 Nd8 25. b5 cxb5
26. Rxb5 Kf8 27. Rb8 Ke7 28. Kh2 Nc6 29. Rb7 Nxa5 30. Rxa7 c6 31. Rxd7+ Kxd7
32. f4 Nb3 33. Kg3 Kc8 34. Kf3 Kb7 35. Nb4 Nxc5 36. g4 Kb6 37. Ke3 Kb5 38. Nc2
Nb3 39. f5 e5 40. g5 g6 41. Ke4 gxf5+ 42. Kxf5 Nd4+ 43. Nxd4+ exd4 44. Ke4 Kc4
{#R} 0-1

[Event "Lang Invitational #2"]
[Site "Meridian, ID"]
[Date "2011.02.05"]
[Round "3.3"]
[White "Edvalson, Paul F"]
[Black "Roland, Jeffrey T"]
[Result "1-0"]
[WhiteElo "1447"]
[BlackElo "1703"]

{Game/30} 1. d4 Nf6 2. Nf3 d5 3. Bg5 e6 4. e3 Be7 5. Nbd2 h6 6. Bh4 O-O 7. Bd3
Nbd7 8. c3 Re8 9. O-O c5 10. Ne5 Nxe5 11. dxe5 Nd7 12. Bg3 f6 13. f4 fxe5 14.
fxe5 c4 15. Bc2 Qb6 16. Qh5 Rf8 17. Qg6 Qxe3+ 18. Kh1 Nf6 19. exf6 Rxf6 20.
Qh7+ Kf8 21. Bg6 Rxf1+ 22. Rxf1+ {#r} 1-0

[Event "Lang Invitational #2"]
[Site "Meridian, ID"]
[Date "2011.02.05"]
[Round "4.1"]
[White "Patterson, Kevin R"]
[Black "Edvalson, Paul F"]
[Result "0-1"]
[WhiteElo "1247"]
[BlackElo "1447"]

{Game/30} 1. e4 c5 2. d4 d5 3. e5 cxd4 4. Qxd4 Nc6 5. Qa4 Bf5 6. Bd3 Bd7 7.
Qf4 e6 8. Nf3 Nge7 9. b3 Ng6 10. Bxg6 hxg6 11. Bb2 Bb4+ 12. Nbd2 Qa5 13. O-O
O-O-O 14. a4 Rdf8 15. Rad1 f6 16. exf6 gxf6 17. Bxf6 Rh5 18. g4 e5 19. Nxe5
Rxe5 20. Qh6 Rxf6 21. Qh8+ Rf8 22. Qxf8+ Bxf8 {#R} 0-1

[Event "Lang Invitational #2"]
[Site "Meridian, ID"]
[Date "2011.02.05"]
[Round "5.3"]
[White "Lang, Jamie"]
[Black "Edvalson, Paul F"]
[Result "0-1"]
[WhiteElo "1337"]
[BlackElo "1447"]

{Game/30} 1. e4 c5 2. Nf3 d6 3. Nc3 g6 4. d4 cxd4 5. Qxd4 Nf6 6. e5 Nc6 7. Bb5
dxe5 8. Qxd8+ Kxd8 9. Bxc6 bxc6 10. Nxe5 Be6 11. Nxc6+ Kc7 12. Nd4 Bc4 13. b3
Ba6 14. Ndb5+ Kc6 15. a4 Bg7 16. Rb1 Nd5 17. Nxd5 Bxb5 18. Nxe7+ Kd7 19. Nxg6
Bc3+ 20. Bd2 Rhe8+ 21. Kd1 Be2+ 22. Kc1 Bxd2+ 23. Kxd2 hxg6 24. Rhe1 Ba6 25.
c4 Kd6 26. Kc3 Re6 27. Rbd1+ Ke7 28. Re3 Bb7 29. g3 Kf6 30. Rde1 Rae8 31. b4
Rxe3+ 32. fxe3 Rh8 33. h4 Kf5 34. Rf1+ Ke6 35. Re1 f5 36. b5 Rc8 37. Kb4 Ke5
38. c5 Be4 39. c6 g5 40. hxg5 Rg8 41. c7 Bb7 42. Rc1 Ke4 43. Rc5 {(time)} {#R}
0-1

[Event "Lang Invitational #4"]
[Site "Meridian, ID"]
[Date "2011.04.30"]
[Round "2.2"]
[White "Niro III, Frank A"]
[Black "Edvalson, Paul F"]
[Result "1/2-1/2"]
[WhiteElo "1700"]
[BlackElo "1447"]

1. e4 d5 2. exd5 Nf6 3. d4 Nxd5 4. Nf3 Bg4 5. c4 Nb6 6. Be2 g6 7. Nc3 Bg7 8.
c5 Nd5 9. Nxd5 Qxd5 10. Be3 O-O 11. O-O Nc6 12. Qb3 Qxb3 13. axb3 Be6 14. Bc4
Bg4 15. Bd5 Bxf3 16. Bxf3 Nxd4 17. Bxb7 Rab8 18. Rxa7 Nxb3 19. c6 Rfd8 20. h3
e5 21. Re1 Nd4 22. Bxd4 exd4 23. b4 d3 24. b5 Bd4 25. Ra4 Bb6 26. Rd1 Rd5 27.
Re4 Rbd8 28. Kf1 Rxb5 29. Ba6 Rb2 30. Rf4 d2 31. Bc4 Rf8 32. Bd5 Kg7 33. Rf3
f5 34. Rd3 Ba5 35. Be6 Re8 36. Re3 Bb6 37. Re2 Ba5 38. Bd7 Rxe2 39. Kxe2 Rc2
40. f3 Rc1 41. Be8 Rxd1 42. Kxd1 Kf8 43. Bd7 Ke7 44. Bc8 Kd6 45. Bb7 Ke5 46.
Ba6 Kf4 47. Bf1 Ke3 48. Bc4 Kf2 49. Bg8 h6 50. Bh7 g5 51. Bxf5 Kxg2 52. Bg4 h5
53. Bxh5 Kxh3 54. Bg4+ Kg3 {#d} 1/2-1/2

[Event "Lang Invitational #4"]
[Site "Meridian, ID"]
[Date "2011.04.30"]
[Round "3.2"]
[White "Roland, Jeffrey T"]
[Black "Edvalson, Paul F"]
[Result "1/2-1/2"]
[WhiteElo "1700"]
[BlackElo "1447"]

1. d4 f5 2. g3 Nf6 3. Bg2 g6 4. c4 d6 5. Nh3 Bg7 6. Nf4 O-O 7. O-O e6 8. Nc3
c6 9. Nd3 Na6 10. Re1 Ne4 11. e3 Nxc3 12. bxc3 e5 13. Qb3 Kh8 14. Ba3 Re8 15.
Rad1 e4 16. Nf4 Nc7 17. Qb4 d5 18. cxd5 cxd5 19. Qb3 b6 20. Bf1 Bb7 21. Rc1
Ne6 22. Bb5 Nxf4 23. exf4 Re6 24. Re3 a6 25. Bf1 b5 26. f3 Qe8 27. Rce1 Rd8
28. Bc5 Rc6 29. a4 Rxc5 30. dxc5 d4 31. R3e2 Bd5 32. Qb2 Bc4 33. fxe4 Bxe2 34.
Qxe2 fxe4 35. Qxe4 Qxe4 36. Rxe4 dxc3 37. Re1 Bd4+ 38. Kh1 Bxc5 39. axb5 axb5
40. Bxb5 c2 41. Ba4 Rd1 42. Rxd1 cxd1=Q+ 43. Bxd1 Kg7 44. Kg2 h5 45. Kf3 Kf6
46. Ke4 Bg1 47. h3 Bh2 48. g4 hxg4 49. hxg4 Bg3 50. f5 Kg5 51. fxg6 Kxg6 52.
Kf3 Be5 53. Ke4 Bg3 54. Bb3 Kg5 55. Be6 Be1 56. Kf3 {#d} 1/2-1/2

[Event "Lang Invitational #4"]
[Site "Meridian, ID"]
[Date "2011.04.30"]
[Round "4.1"]
[White "Kircher, Caleb Paul"]
[Black "Edvalson, Paul F"]
[Result "0-1"]
[WhiteElo "1735"]
[BlackElo "1447"]

1. e4 d5 2. exd5 Nf6 3. Bb5+ Nbd7 4. Nc3 a6 5. Bxd7+ Bxd7 6. Nf3 Bg4 7. h3 Bc8
8. Qe2 Nxd5 9. O-O g6 10. Nxd5 Qxd5 11. d4 Bg7 12. c4 Qd6 13. Be3 Bf5 14. Rac1
Be4 15. Nd2 Bc6 16. d5 Bd7 17. b3 O-O 18. Ne4 Qb4 19. Bc5 Qa5 20. b4 Qa3 21.
Rb1 Rfe8 22. Rb3 Qa4 23. Qf3 Qxa2 24. Rc1 b6 25. Qd3 bxc5 26. Nxc5 Bf5 27. Qf3
Bb2 28. Re1 Bd4 29. Re2 Qa1+ 30. Kh2 Bxc5 31. bxc5 Qd4 32. g4 Bd7 33. c6 Bc8
34. Re4 Qc5 35. Qe2 a5 36. Rb5 Qd6+ 37. f4 a4 38. Re5 f6 39. Re3 Qxf4+ 40. Kg2
Qd6 41. Qa2 e5 42. c5 Qd8 43. d6+ Be6 44. Qd2 a3 45. d7 Re7 46. Ra5 Rxa5 47.
Qxa5 Bd5+ 48. Kf2 a2 49. Rd3 Bxc6 50. Qxa2+ Kg7 51. Qa6 Rxd7 52. Rxd7+ Qxd7
53. Qa5 Qd4+ 54. Ke2 Qe4+ 55. Kd2 Qd4+ 56. Ke2 Qd7 57. Ke1 Bg2 58. h4 Bf3 59.
g5 Qd1+ 60. Kf2 Qe2+ {#R} 0-1

[Event "ICA Players Mem-Open"]
[Site "Boise, ID"]
[Date "2011.05.14"]
[Round "1.5"]
[White "Stakland, Tim J"]
[Black "Edvalson, Paul F"]
[Result "1-0"]
[WhiteElo "1755"]
[BlackElo "1447"]

1. e4 d5 2. exd5 Nf6 3. c4 e6 4. d4 exd5 5. Nc3 Bb4 6. Bd3 O-O 7. Nge2 dxc4 8.
Bxc4 Nc6 9. O-O Bf5 10. Bg5 Be7 11. Ng3 Nxd4 12. Be3 Nc2 13. Nxf5 Nxa1 14.
Qxa1 c6 15. Bf4 Bb4 16. Bg5 Qa5 17. Nh6+ Kh8 18. Bxf6 gxf6 19. Qc1 Qg5 20.
Nxf7+ Rxf7 21. Qxg5 fxg5 22. Bxf7 Rf8 23. Bh5 Bxc3 24. bxc3 Rf4 25. g3 Ra4 26.
Bf7 Kg7 27. Bb3 Re4 28. Rd1 Re7 29. Rd6 c5 30. Kg2 b5 31. Be6 a5 32. Rd7 Rxd7
33. Bxd7 b4 34. cxb4 axb4 35. Kf3 Kf6 36. Ke4 c4 37. f3 b3 38. axb3 cxb3 39.
Kd3 Ke5 40. Kc3 b2 41. Kxb2 Kd4 42. f4 gxf4 43. gxf4 Ke4 44. f5 {#r} 1-0

[Event "ICA Players Mem-Open"]
[Site "Boise, ID"]
[Date "2011.05.15"]
[Round "5.6"]
[White "Edvalson, Paul F"]
[Black "Roland, Jeffrey T"]
[Result "0-1"]
[WhiteElo "1447"]
[BlackElo "1700"]

1. c4 Nf6 2. Nc3 g6 3. g3 Bg7 4. Bg2 c5 5. e4 Nc6 6. Nge2 d6 7. d3 O-O 8. O-O
Bd7 9. f4 Qc8 10. Nd5 Bg4 11. Be3 Nxd5 12. cxd5 Nd4 13. Bxd4 Bxd4+ 14. Kh1
Bxb2 15. Rb1 Bg7 16. Qd2 Rb8 17. Nc3 Qd7 18. Ne2 b5 19. Qa5 Bxe2 {#R} 0-1

[Event "Sumr Classic (Open)"]
[Site "Boise, ID"]
[Date "2011.07.09"]
[Round "1.4"]
[White "Douglas, Kurt P"]
[Black "Edvalson, Paul F"]
[Result "1-0"]
[WhiteElo "1746"]
[BlackElo "1448"]

1. e4 c5 2. Nf3 Nc6 3. d4 cxd4 4. Nxd4 Nf6 5. Nc3 g6 6. Be3 Bg7 7. f3 Qa5 8.
Qd2 O-O 9. Nb3 Qd8 10. O-O-O d6 11. Kb1 Be6 12. Nd4 Nxd4 13. Bxd4 Qa5 14. Nd5
Qxd2 15. Nxe7+ Kh8 16. Rxd2 Rfe8 17. Bxf6 Bxf6 18. Nd5 Bxd5 19. Rxd5 Red8 20.
g3 Rac8 21. Bg2 Rc5 22. Rhd1 Rxd5 23. Rxd5 Kg7 24. c3 Kf8 25. Kc2 Ke7 26. f4
a6 27. g4 b5 28. h3 Bg7 29. Kb3 Rd7 30. Kb4 Ra7 31. Ka5 Ra8 32. e5 dxe5 33.
fxe5 Rc8 34. Rd6 Bxe5 35. Rxa6 Rb8 36. Rb6 Rxb6 37. Kxb6 b4 38. cxb4 Bxb2 39.
a4 Kf6 40. Kc5 Ke5 41. a5 Bd4+ 42. Kc4 Bg1 43. b5 Kf4 44. b6 Kg3 45. Bf1 Kf2
46. a6 Kxf1 47. a7 {#r} 1-0

[Event "Sumr Classic (Open)"]
[Site "Boise, ID"]
[Date "2011.07.09"]
[Round "3.5"]
[White "Buckendorf Jr., Glen"]
[Black "Edvalson, Paul F"]
[Result "0-1"]
[WhiteElo "1800"]
[BlackElo "1448"]

1. e4 c5 2. Nf3 Nc6 3. d4 cxd4 4. Nxd4 Nf6 5. Nc3 g6 6. Be3 Bg7 7. Be2 O-O 8.
O-O Qb6 9. Ne6 Qxb2 10. Nxf8 Qxc3 11. Nxg6 hxg6 12. Bd3 d5 13. Rb1 dxe4 14.
Rb3 Qe5 15. Rb5 Qc7 16. Be2 a6 17. Rb1 Be6 18. Bb6 Qd6 19. Qc1 Bxa2 20. Rb2
Be6 21. Rd1 Qe5 22. Be3 b5 23. Bf4 Qf5 24. h3 Nd5 25. Bg4 Qxf4 26. Qxf4 Nxf4
27. Rbb1 Bxg4 28. hxg4 Ne2+ 29. Kf1 Nc3 30. Re1 Nxb1 31. Rxb1 b4 32. f3 exf3
33. gxf3 a5 34. Ke2 a4 35. f4 a3 {#R} 0-1

[Event "Sumr Classic (Open)"]
[Site "Boise, ID"]
[Date "2011.07.10"]
[Round "4.4"]
[White "Edvalson, Paul F"]
[Black "Lundy III, George"]
[Result "0-1"]
[WhiteElo "1448"]
[BlackElo "1454"]

1. d4 f5 2. Nc3 Nf6 3. Bg5 d5 4. f3 Nbd7 5. Nh3 h6 6. Bxf6 Nxf6 7. Nf2 e6 8.
e4 Bb4 9. Qd2 fxe4 10. fxe4 dxe4 11. a3 Bxc3 12. Qxc3 Nd5 13. Qg3 O-O 14. Nxe4
Nf6 15. Nxf6+ Rxf6 16. O-O-O c6 17. Bd3 Bd7 18. Qe3 Qe7 19. Qe4 g6 20. g4 g5
21. h4 Rf4 22. Qe5 Qg7 23. Qxg7+ Kxg7 24. hxg5 Rh8 25. gxh6+ Rxh6 26. Rxh6
Kxh6 27. Rh1+ Kg5 28. Rh7 Rxd4 29. Rg7+ Kf6 30. Rg6+ Kf7 31. Rg5 Rd5 32. Rxd5
exd5 33. g5 Kg7 34. Kd2 Be8 35. Ke3 Bg6 36. Bxg6 Kxg6 37. Kd4 Kxg5 38. Kc5 Kf4
39. Kd6 Ke3 40. Kc7 Kd2 41. Kxb7 Kxc2 42. Kxc6 d4 {#R} 0-1

[Event "Sumr Classic (Open)"]
[Site "Boise, ID"]
[Date "2011.07.10"]
[Round "5.5"]
[White "Patterson, Emily N"]
[Black "Edvalson, Paul F"]
[Result "0-1"]
[WhiteElo "1442"]
[BlackElo "1448"]

1. e4 c5 2. f4 d5 3. exd5 Nf6 4. Nc3 Nxd5 5. Nxd5 Qxd5 6. Qf3 Qd6 7. Bb5+ Nd7
8. Bxd7+ Qxd7 9. Ne2 g6 10. O-O Bg7 11. Nc3 e6 12. b3 O-O 13. Rd1 a6 14. Bb2
Rb8 15. Na4 Bxb2 16. Nxb2 Qd4+ 17. Qe3 Qxb2 18. Qxc5 b5 19. Qa7 Rb7 20. Qxa6
Qd4+ 21. Kh1 Qxf4 22. Qc6 Rc7 23. Qxb5 Rxc2 24. Qd3 Rc5 25. Qf1 Qg4 26. Rdc1
Rh5 27. Rc4 Qg5 28. Qf2 Qe5 29. Qg1 Rxh2+ 30. Qxh2 Qxa1+ 31. Qg1 Qxa2 32. Qd1
Rd8 33. Qc2 Qxc2 34. Rxc2 Bb7 35. Kg1 Rd3 36. Rb2 Bd5 37. b4 Rb3 38. Rxb3 Bxb3
39. Kf2 Kf8 40. Ke3 Ke7 41. Kd4 Kd6 42. g3 e5+ 43. Ke4 Bc4 44. d3 f5+ 45. Ke3
Be6 46. Kf3 g5 47. Ke3 Kc6 {#R} 0-1